| 000 | 02249cam a2200469 a 4500 | ||
|---|---|---|---|
| 001 | ocm63164123 | ||
| 003 | TZ-ArACH | ||
| 005 | 2013090305445.0 | ||
| 008 | 040813s2000 be 100 0 fre d | ||
| 010 | _a 2004545133 | ||
| 020 | _a2802714066 | ||
| 020 | _a9782802714064 | ||
| 035 |
_a(OCoLC)63164123 _z(OCoLC)47693324 |
||
| 040 |
_aTZT _cTZ-ArACH _dDLC _dNLGGC _dLVB _dLGG |
||
| 041 | _aFre | ||
| 042 | _alccopycat | ||
| 043 | _ae------ | ||
| 049 | _aSZTA | ||
| 050 | 0 | 0 |
_aKJC5138 _b.I48 |
| 082 | 0 | 0 |
_a342.2408/5 _222 |
| 111 | 2 |
_aInstitut des hautes études européennes _d(1999 : _cStrasbourg) _913413 |
|
| 245 | 1 | 3 |
_aMise en œuvre du Protocole no 11 : le nouveau Règlement de la Cour européenne des droits de l'homme _ble nouveau Règlement de la Cour européenne des droits de l'homme : Actes de la Journée d'études du 23 octobre 1999 à la mémoire de Louis Edmond Pettiti / _cInstitut des hautes études européennes de Strasbourg ; Jean-François Flauss, dir. |
| 260 |
_aBruxelles : _bBruylant : _bNemesis, _c2000. |
||
| 300 |
_a178 p. : _c22 cm. |
||
| 490 | 1 |
_aDroit et justice ; _v28 |
|
| 504 | _aIncludes bibliographical references. | ||
| 600 | 1 | 0 |
_aPettiti, Louis-Edmond. _913414 |
| 610 | 2 | 0 |
_aEuropean Court of Human Rights _xRules and practice _vCongresses. _913415 |
| 610 | 2 | 6 |
_aCour européenne des droits de l'homme _xRèglements et procédure _xCongrès. _913416 |
| 650 | 0 |
_aHuman rights _zEurope _vCongresses. _913417 |
|
| 650 | 1 | 7 |
_aEuropese conventie tot bescherming van de rechten van de mens en de fundamentele vrijheden. _913418 |
| 650 | 1 | 7 |
_2t _913419 |
| 650 | 6 |
_aDroits de l'homme _zEurope _xCongrès. _913420 |
|
| 653 | _aLaw | ||
| 700 | 1 |
_aPettiti, Louis-Edmond. _913421 |
|
| 710 | 2 |
_aInternational Institute of Human Rights. _913422 |
|
| 830 | 0 |
_aDroit et justice (Brussels, Belgium) ; _v28. _913423 |
|
| 942 |
_2lcc _cBOOK |
||
| 999 |
_c975 _d975 |
||